000 00443nam a22001337a 4500
040 _cNUST
082 _a200 THE
100 _aM ABUBAKAR YAMIN
_986534
110 _a DR SHOAB A KHAN
_986535
245 _aTH-SOF-0852-AUTOMATED SYSTEM OF HESS SCREEN FOR THE DIAGNOSIS OF PARALYTIC STRABISMUS USING COMPUTER AIDED DIAGNOSIS
260 _aISLAMABAD
_bNUST COLLEGE OF EME
_c2013
650 _aMS-COMPUTER ENGINEERING-69
_986536
942 _2ddc
_cTHE
999 _c587377
_d587377